D V Gundappa:jivana mattu sadhane. (Record no. 91986)
[ view plain ]
| 000 -LEADER | |
|---|---|
| fixed length control field | 00673nam a2200205Ia 4500 |
| 003 - CONTROL NUMBER IDENTIFIER | |
| control field | OSt |
| 005 - DATE AND TIME OF LATEST TRANSACTION | |
| control field | 20240401100427.0 |
| 008 - FIXED-LENGTH DATA ELEMENTS--GENERAL INFORMATION | |
| fixed length control field | 210210b1988 xxu||||| |||| 00| 0 eng d |
| 040 ## - CATALOGING SOURCE | |
| Transcribing agency | AL |
| 041 ## - LANGUAGE CODE | |
| Language code of text/sound track or separate title | Kannada |
| 082 ## - DEWEY DECIMAL CLASSIFICATION NUMBER | |
| Classification number | K894.9 NILD |
| 100 ## - MAIN ENTRY--PERSONAL NAME | |
| Personal name | NILATTAHALLI KASTURI. |
| 9 (RLIN) | 109742 |
| Dates associated with a name | ನೀಲತ್ತಹಳ್ಳಿ ಕಸ್ತೂರಿ |
| 245 ## - TITLE STATEMENT | |
| Title | D V Gundappa:jivana mattu sadhane. |
| Remainder of title | ಡಿ ವಿ ಗುಂಡಪ್ಪ : ಜೀವನ ಮತ್ತು ಸಾಧನೆ |
| 260 ## - PUBLICATION, DISTRIBUTION, ETC. | |
| Place of publication, distribution, etc. | Navadehali |
| Name of publisher, distributor, etc. | Nyashanal Buk Trast |
| Date of publication, distribution, etc. | 1988 |
| 300 ## - PHYSICAL DESCRIPTION | |
| Extent | 122 |
| 650 ## - SUBJECT ADDED ENTRY--TOPICAL TERM | |
| Topical term or geographic name entry element | Di Vi Ji Gundappa Di Vi |
| 9 (RLIN) | 109743 |
| 690 ## - LOCAL SUBJECT ADDED ENTRY--TOPICAL TERM (OCLC, RLIN) | |
| Topical term or geographic name as entry element | Kannada Criticism |
| 9 (RLIN) | 109744 |
| 906 ## - LOCAL DATA ELEMENT F, LDF (RLIN) | |
| a | 041991 |
| 942 ## - ADDED ENTRY ELEMENTS (KOHA) | |
| Source of classification or shelving scheme | Dewey Decimal Classification |
| Koha item type | Book |
| Withdrawn status | Lost status | Source of classification or shelving scheme | Damaged status | Not for loan | Collection code | Home library | Current library | Date acquired | Cost, normal purchase price | Total Checkouts | Full call number | Barcode | Date last seen | Price effective from | Koha item type |
|---|---|---|---|---|---|---|---|---|---|---|---|---|---|---|---|
| Dewey Decimal Classification | Kannada | St Aloysius Library | St Aloysius Library | 02/17/2021 | 7.50 | K894.9 NILD | 041991 | 02/17/2021 | 02/17/2021 | Book |